000 00823nas a2200265 4500
001 BR8205878
003 BR-BrBNA
005 20231205085314.0
007 ta
008 230509b bl.|||p| |||| 00| 00por d
040 _aBR-BrBNA
_bpor
_cBiblioteca Nacional de Agricultura
041 _a(Pt)
072 _aE50; U10
100 1 _aMayorga, R.D.
100 1 _aKhan, A.S.
245 1 _aEstudo comparativo da tecnologia empregada na agricultura familiar do nordeste, Brasil
650 _aTECNOLOGIA AGRICOLA
650 _aPEQUENO PRODUTOR
650 _aZONA SEMI-ARIDA
650 _aREGIAO NORDESTE
650 _aMODELO MATEMATICO
773 0 _tRevista de Economia Rural (Brazil)
_xISSN 0100-4905
_g(Jan-Mar 1982), v. 20(1) p. 77-103
_wBR8205878
909 _a202311
_bLúcia
_c55
_dLúcia Elande
942 _2AGRIS
_n0
_cANA
999 _c110616
_d110616